| 000 | 00561nam a22001817a 4500 | ||
|---|---|---|---|
| 999 |
_c160543 _d160543 |
||
| 005 | 20190213121101.0 | ||
| 010 | _aENG-124726 | ||
| 020 |
_a9789386191885 _c250.00 |
||
| 035 | _aEN-108258 | ||
| 037 | _bDBAD/PUB | ||
| 082 | _aN | ||
| 100 | _aMohamed Al Marzooqi | ||
| 245 |
_aMy hidden God/ _cby Mohamed Al Marzooqi |
||
| 260 |
_aNew Delhi _bLiFi Publication Pvt. Ltd _c2018 |
||
| 270 |
_a211, 2nd Floor, Gagandeep 12, Rajendra Place _bNew Delhi _e110008 _k011-25741000 _minfo@lifipublications.com |
||
| 300 |
_a175p. _c19cm(pbk) |
||
| 942 |
_2ddc _cEN _hN _mMOH |
||